书目信息 |
| 题名: |
善后会议
|
|
| 作者: | ;中国第二历史档案馆 编 | |
| 分册: | ||
| 出版信息: | 北京 档案出版社 1985 |
|
| 页数: | 417页 | |
| 开本: | 20cm | |
| 丛书名: | 中华民国史档案资料丛刊 | |
| 单 册: | ||
| 中图分类: | K261.54 | |
| 科图分类: | ||
| 主题词: | 中国--历史 | |
| 电子资源: | ||
| ISBN: | ||
| 000 | 00737nam2 2200265 45 | |
| 001 | 0185015561 | |
| 005 | 20040429163214.5 | |
| 010 | @dCNY2.50 | |
| 091 | @a11283.014 | |
| 100 | @a19901005d1985 em y0chiy0121 ea | |
| 101 | 0 | @achi |
| 102 | @aCN@b110000 | |
| 105 | @ay z 000yy | |
| 106 | @ar | |
| 200 | 10 | @a善后会议@f中国第二历史档案馆编@Ashan hou hui yi |
| 210 | @a北京@c档案出版社@d1985 | |
| 215 | @a417页@d20cm | |
| 225 | 2 | @a中华民国史档案资料丛刊 |
| 410 | 0 | @120010@a中华民国史档案资料丛刊 |
| 606 | 0 | @a中国@x历史 |
| 690 | @aK261.54 | |
| 711 | 02 | @a中国第二历史档案馆@4编@AZhong Guo Di Er Li Shi Dang An Guan |
| 801 | 0 | @aCN@b深圳图书馆@c20040429 |
| 801 | 2 | @aCN@bNLC@c20040429 |
| 905 | @f2@b141247-248@dK261.54@e45 | |
| 善后会议/中国第二历史档案馆编.-北京:档案出版社,1985 |
| 417页;20cm.-(中华民国史档案资料丛刊) |
| ISBN :CNY2.50 |
| ● |
| 相关链接 |
|
|
|
|
正题名:善后会议
索取号:K261.54/45
 
预约/预借
| 序号 | 登录号 | 条形码 | 馆藏地/架位号 | 状态 | 备注 |
| 1 | 0141247 | 001289956 | 第二借阅区/ [索取号:K261.54/45] | 在馆 | |
| 2 | 0141248 | 001289965 | 密集书库/ [索取号:K261.54/45] | 在馆 | |
| 3 | 0141249 | 202087204 | 第二样本阅览室/ [索取号:K261.54/45] | 在馆 |